Risk in Finance from the Perspective of an Accounting Theory

Na minha lista:
Detalhes bibliográficos
Autor principal: Kubaščíková, Zuzana, 1982-
Outros Autores: Pakšiová, Renáta, 1974-
Formato: Capítulo de Livro
Idioma:inglês
Assuntos:
Tags: Adicionar Tag
Sem tags, seja o primeiro a adicionar uma tag!

MARC

LEADER 00000nla a2200000 4500
001 0199390
005 20240502073356.6
041 0 |a eng 
044 |a SK 
245 1 0 |a Risk in Finance from the Perspective of an Accounting Theory  |c Zuzana Kubaščíková, Renáta Pakšiová 
610 2 0 |a účtovníctvo finančné 
610 2 0 |a teória a prax 
610 2 0 |a risk management 
610 2 0 |a prerozdeľovanie zisku 
610 2 0 |a účtovníctvo prevádzkové 
100 1 |a Kubaščíková, Zuzana, 1982- 
700 1 |a Pakšiová, Renáta, 1974-